[Event "Hoogovens"]
[Site "Wijk aan Zee"]
[Date "1996.01.23"]
[Round "9"]
[White "Topalov, Veselin"]
[Black "Van Wely, Loek"]
[Result "1-0"]
[WhiteElo "2700"]
[BlackElo "2570"]
[Annotator "Bangiev,A"]
[PlyCount "99"]
[EventDate "1996.01.13"]
[EventType "tourn"]
[EventRounds "13"]
[EventCountry "NED"]
[EventCategory "17"]
[SourceTitle "CBM 051"]
[Source "ChessBase"]
[SourceDate "1996.04.01"]
[SourceVersion "1"]
[SourceVersionDate "1996.04.01"]
[SourceQuality "1"]

1. e4 c5 2. Nc3 d6 3. f4 Nc6 4. Nf3 g6 5. Bc4 Bg7 6. O-O e6 7. d3 Nge7 8. Qe1
h6 9. Bb3 Nd4 {Die am meisten gespielte Fortsetzung.} 10. Nxd4 cxd4 11. Ne2 O-O
12. Kh1 {Plan:Ne2-g1-f3} (12. Bd2 Bd7 13. Kh1 Rc8 14. Ng1 Kh7 15. Nf3 f5 16. e5
dxe5 17. Nxe5 Nd5 18. Rf2 Be8 19. Re2 Bf6 20. Qf2 b5 21. Qxd4 g5 22. Qxa7+ Rf7
23. Qf2 Rg7 24. Qf3 Nxf4 25. Bxf4 gxf4 26. Bxe6 Qd6 27. Qd5 Qc7 28. d4 f3 29.
Nxf3 Bc6 30. Qxf5+ Kh8 31. d5 Be7 32. Qe5 {1-0 Reinderman,D-Forster,R/EU-chJ
Sas van Gent (05) 1992}) (12. Qf2 Nc6 13. Bd2 Kh7 14. c3 Qb6 15. Nxd4 Nxd4 16.
Be3 Qa6 17. Bxd4 Qxd3 18. Bxg7 Kxg7 19. Rad1 Qxe4 20. Rxd6 b6 21. Re1 Qf5 22.
Re5 Qf6 23. Qd2 Rb8 24. Re1 Rb7 25. Bc2 Rc7 26. Be4 Bb7 27. a4 Rfc8 28. g3 {
1/2-1/2 Giorgadze,G-Novikov,I/Manila olm 1992}) 12... f5 13. Ng1 Kh8 14. Nf3
Bd7 15. Bd2 Rc8 16. Qg3 $5 (16. Bb4 $6 fxe4 17. dxe4 Bb5) 16... fxe4 (16... b5
$6 17. Bb4 $5) (16... a5 $6 17. a4 {[%csl Yb5]}) 17. dxe4 d5 (17... Bb5 18. Rf2
$5 (18. Bxe6 $6 Bxf1 19. Bxc8 Qxc8 20. Rxf1 Qxc2 $132) 18... Bc4 19. Rd1 (19.
Nh4 $5 Bxb3 20. Qxb3 Kh7 21. Qd3 {22./\f5}) 19... Bxb3 20. cxb3 Rc2 21. Be1 $5
$14 {[%csl Rd4]}) (17... Kh7 18. Qh3 $5 e5 19. Ng5+ (19. Be6 $2 Bxe6 20. Qxe6
Rxc2) (19. f5 gxf5 20. Ng5+ Kg6 $5) 19... Kh8 20. Ne6 (20. f5 gxf5 21. Nf7+
Rxf7 22. Bxf7 f4 $13) 20... Bxe6 21. Qxe6 $16) 18. exd5 (18. e5 $6 Qb6 (18...
Nf5 $5 19. Qxg6 Rg8 (19... Rc6 20. Qg4) 20. Qh5 Be8 21. Qh3) 19. Rad1 Kh7 20.
Be1 Nf5 21. Qf2 Bb5 $13) 18... exd5 19. Nh4 {Weiß steht klar besser und
verfügt über eine Vielzahl von Möglichkeiten.} (19. Qf2 $5 Nf5 (19... Bf5 $2
20. Nxd4) (19... Bb5 20. Rfe1 Bc4 21. Nxd4 Qb6 22. Rxe7 (22. c3 Nf5 $14) 22...
Bxd4 23. Qh4 Bg7 24. f5 $16) 20. Rfe1 $14 (20. Ne5)) (19. Ne5 $5 Bf5 20. Rae1 (
20. Nd3 Be4) (20. Bb4 Bxe5 21. fxe5 Kh7) 20... Kh7 (20... Bxc2 21. Bxc2 Rxc2
22. Bb4 Bxe5 23. Rxe5 $16) 21. Bb4 $36) 19... Rf6 20. Nf3 Nf5 21. Qf2 Bb5 22.
Rfe1 Bc4 23. Nxd4 Qb6 24. c3 Nxd4 25. Be3 Rf7 26. Bxc4 dxc4 27. Rad1 Re8 (27...
Rcf8 28. Rxd4 $5 $16) 28. Bxd4 (28. Rxd4 $6 Rfe7 $1 $17 (28... Rxe3 29. Rxe3
Bxd4 30. Re8+ Kh7 31. cxd4 $14)) 28... Rxe1+ 29. Qxe1 Bxd4 30. Rxd4 $16 Qxb2
31. h3 Qb5 (31... Qxa2 $2 32. Qe8+ Kg7 33. Rd8 $18) 32. Qe6 Kg7 33. Rxc4 h5 (
33... Qb1+ 34. Kh2 Qxa2 $2 35. f5 $1 $16 gxf5 $8 36. Rg4+ fxg4 37. Qxa2) 34. a4
Qb1+ 35. Kh2 Qc1 36. Qe5+ Kh7 37. Qd5 Re7 38. Qd4 Rf7 (38... h4 $2 39. Rc8 $18)
39. Qxa7 (39. Rc8 $2 Qxf4+) 39... Qe1 {/\40...h4} (39... Rxf4 $2 40. Qxb7+ Kh6
41. Rc7 $18) 40. Qg1 $1 Qe2 41. Qd4 Qf1 42. Rb4 Re7 43. Qf6 Rg7 44. Re4 Qf2 {
/\40...h4} 45. Qd4 Qc2 46. Re5 $18 Qa2 47. Qe4 {[%csl Rh5] /\48.Rxh5} Kh6 48.
Re8 {[%csl Rh8]} Kh7 (48... Qf2 49. Qe5 h4 50. Rh8+ Rh7 51. Qg5+ Kg7 52. Qe7+
$1 Kxh8 53. Qf8#) 49. Rf8 {/\50.f5} Rf7 50. Rb8 {[%csl Rb7]} 1-0

[Event "Hoogovens"]
[Site "Wijk aan Zee"]
[Date "1996.01.27"]
[Round "12"]
[White "Topalov, Veselin"]
[Black "Anand, Viswanathan"]
[Result "1-0"]
[WhiteElo "2700"]
[BlackElo "2725"]
[Annotator "Ftacnik,L"]
[PlyCount "55"]
[EventDate "1996.01.13"]
[EventType "tourn"]
[EventRounds "13"]
[EventCountry "NED"]
[EventCategory "17"]
[SourceTitle "CBM 051"]
[Source "ChessBase"]
[SourceDate "1996.04.01"]
[SourceVersion "1"]
[SourceVersionDate "1996.04.01"]
[SourceQuality "1"]

1. e4 c5 2. Nf3 d6 3. d4 cxd4 4. Nxd4 Nf6 5. Nc3 a6 6. Bc4 e6 7. Bb3 Nbd7 8. f4
Nc5 9. e5 dxe5 10. fxe5 Nfd7 11. Bf4 b5 12. Qe2 (12. Qg4 Qb6 $5 (12... Nb6 $6
13. O-O-O $1 Bd7 14. Rhf1 h5 $6 15. Qf3 Rc8 16. Kb1 Nc4 17. Bxc4 bxc4 18. Bg5
$1 {Zapolskis,A-Tataev,M/Stare Mesto/1992/1-0 (18)}) (12... Nf6 $1 13. exf6
Qxd4 $13) (12... h5 $1 13. Qg3 h4 14. Qg4 g5 15. O-O-O $1 $8 Qe7 $2 (15... Rh6
$1 16. Qxg5 (16. Bxg5 Rg6 $17) 16... Qxg5 17. Bxg5 Rh5 18. Bf4 Bb7 $17 {
><g2, e5}) 16. Nc6 $3 Nxb3+ 17. axb3 Qc5 18. Ne4 Qxc6 19. Bxg5 {1/2-1/2 Short,
N-Kasparov,G/London (m8)/1993/ (41)}) 13. O-O-O Bb7 14. Rhf1 g6 15. h4 h5 16.
Qg3 Bg7 17. Kb1 Nxb3 18. Nxb3 Qc7 19. Rd6 O-O 20. Rfd1 Nc5 21. Be3 Nxb3 22.
axb3 Bc6 $15 {Zontakh,A-Piza,V/Hlohovec/1994/}) (12. Qh5 g6 13. Qe2 Bb7 14.
O-O-O Bg7 15. h4 h5 16. Qe3 b4 17. Na4 Qa5 18. Nxc5 Nxc5 19. Bc4 Bxg2 20. Rhg1
Bb7 21. Nxe6 Nxe6 22. Bxe6 fxe6 23. Rxg6 Qxa2 24. Rd6 {1-0 Laesson,T-Zhu Chen/
Moscow olw (11)/1994/ (30)}) 12... Bb7 13. O-O-O (13. O-O b4 14. Na4 Nxb3 15.
axb3 Nc5 16. Rad1 Nxa4 17. bxa4 Bc5 18. Be3 $2 {Zapolskis,A-Slekys,E/
Mariampole/1992/} (18. Kh1 $1 $13) 18... Qc7 $1 $15 {Zapolskis,A-Slekys,E/
Mariampole/1992/}) 13... Qb6 (13... Qa5 14. Rhf1 (14. Rhe1 Rc8 15. Qg4 b4 16.
Na4 Nxa4 17. Nxe6 Nac5 18. Nxg7+ Bxg7 19. Qxg7 Nxb3+ 20. Kb1 Nd4 21. e6 Bd5 22.
Qxf7+ {1-0 Morawietz,D-Ottens,S/NRW-II 9192/1992}) 14... Be7 {N} (14... Nxb3+
15. Nxb3 Qc7 16. Nd4 Nc5 17. a3 Be7 18. Qg4 O-O 19. Rde1 Rfd8 20. Bh6 Bf8 21.
Bg5 Rd7 22. Re3 $13 {Motwani,P-Pigott,J/BCF-ch/1989/0-1 (40)}) 15. Qg4 g6 16.
Bh6 $1 (16. Bg3 Qb6 17. h4 h5 18. Qe2 Rh7 19. Nf3 $6 (19. Rf2 $5 O-O-O 20. Qf1
$36) 19... O-O-O 20. Kb1 Qc6 $1 21. Rd4 Nb6 $1 {0-1 Zadrima,A-Ftacnik,L/Moscow
olm/1994/ (39)}) 16... Nxe5 (16... b4 $5) 17. Qf4 b4 18. Nd5 (18. Ncb5 $5 Ned3+
(18... f6 19. Nd6+ $1 Bxd6 20. Qxf6 Rg8 21. Bxe6 Be7 22. Qf7+ Nxf7 23. Bxf7+
Kd7 24. Nb3+ $16) 19. cxd3 Nxb3+ 20. Nxb3 Qxb5 21. Qxf7+ Kd7 22. d4 $40) 18...
Bxd5 19. Qxe5 f6 20. Bxd5 $5 (20. Qe3 Nxb3+ 21. Nxb3 Bxb3 $1 22. Qxb3 Kf7 23.
Rfe1 Qb6 $17) 20... fxe5 21. Bc6+ (21. Nxe6 $5 Kd7 $3 22. Nxc5+ Qxc5 23. Bxa8+
Ke8 $17) 21... Nd7 22. Nxe6 Ra7 23. Be3 {1/2-1/2 Vavra,P-Ftacnik,L/Cesko/1995/
(46)}) (13... b4 14. Na4 Nxb3+ 15. axb3 Qc7 16. Rhf1 Nc5 (16... g6 17. Bg5 Bd5
18. Qf2 Nxe5 19. Qf6 Rg8 20. Bf4 Bd6 21. Kb1 g5 22. Nf5 gxf4 23. Rxd5 exd5 {
1-0 Kobalija,M-Verner,A/Moscow-ch op (03)/1995/}) 17. Nf5 (17. Kb1 Nxa4 18.
bxa4 Bc5 19. Qg4 O-O-O 20. Bg3 g6 21. Bh4 Rd5 22. Bf6 Re8 23. Nb3 Bf8 24. g3 {
Riegler,P-Osterman,R/SLO-ch/1992/0-1 (35)}) 17... exf5 18. e6 Nxb3+ 19. Kb1 Qc6
20. Nb6 Qxe6 21. Rfe1 Nc5 22. Nxa8 $16 {Emms,J-Petrosian,A/London Lloyds (08)/
1991/1-0 (65)}) 14. Kb1 {Black struggles to avoid various sacrifices from the
attacker, but he will have to castle long. In such case f7P remains palpably
weak.} (14. Rhe1 Be7 15. Qg4 g5 16. Bg3 h5 17. Qe2 O-O-O 18. a3 h4 19. Bf2 Qc7
20. Ba2 Nb6 21. Ndxb5 axb5 22. Nxb5 Rxd1+ 23. Rxd1 Ba6 24. b4 Bxb5 25. Qxb5
Nca4 26. Bb3 {1-0 Macieja,B-Kaminski,M/POL-chT Lubniewice (07)/1994/ (46)}) (
14. Rhf1 Be7 15. Qg4 g5 16. Bxg5 Rg8 17. h4 Nxe5 18. Qf4 Bd6 19. Qd2 Rc8 20.
Nf5 Bf8 21. Kb1 b4 22. Na4 {Oral,T-Tkebuchava,S/Ml.Boleslav op (1)/1994/1-0 
(42)}) 14... Be7 15. h4 $1 O-O-O $5 16. a3 $1 (16. Rhf1 b4 17. Na4 Nxa4 18.
Bxa4 Nc5 19. Bb3 Rxd4 20. Rxd4 Nxb3 21. Rc4+ Nc5 $13) 16... Nb8 (16... Nxb3 17.
Nxb3 Nc5 18. Bg5 $14) 17. Be3 Nc6 18. Ba2 Nxd4 19. Bxd4 Qc6 20. Rhf1 Rhf8 (
20... Qxg2 $2 21. Qxg2 Bxg2 22. Rxf7 $18) 21. g3 Kb8 22. Rf4 f5 $6 {Anand was
seriously criticized for this decision, even though it should have solved the
biggest headache with f7P. The tactics works against the defender.} (22... g5
$1 23. hxg5 Bxg5 24. Rff1 $14) 23. exf6 gxf6 24. b4 $1 e5 (24... Nd7 25. Qxe6
$16) 25. bxc5 Rxd4 $2 (25... exf4 $1 26. Qxe7 fxg3 27. Bd5 Qc7 28. Bxf6 Rde8
29. Qxc7+ Kxc7 30. Bg7 $14) 26. Rfxd4 exd4 27. Qxe7 Re8 28. Qf7 (28. Qf7 dxc3
29. Bd5 Rd8 30. Bxc6 Rxd1+ 31. Ka2 Bxc6 32. Qf8+ Kb7 33. Kb3 $18) 1-0

[Event "Amsterdam Euwe Memorial"]
[Site "Amsterdam"]
[Date "1996.03.22"]
[Round "1"]
[White "Topalov, Veselin"]
[Black "Kasparov, Garry"]
[Result "1-0"]
[WhiteElo "2700"]
[BlackElo "2775"]
[Annotator "Boensch,U"]
[PlyCount "131"]
[EventDate "1996.03.22"]
[EventType "tourn"]
[EventRounds "9"]
[EventCountry "NED"]
[EventCategory "18"]
[SourceTitle "CBM 052"]
[Source "ChessBase"]
[SourceDate "1996.06.01"]
[SourceVersion "1"]
[SourceVersionDate "1996.06.01"]
[SourceQuality "1"]

1. e4 {Hecht Topalov} c5 2. Nf3 d6 3. d4 cxd4 4. Nxd4 Nf6 5. Nc3 a6 6. Bc4 e6
7. Bb3 Nbd7 8. f4 Nc5 9. O-O (9. f5 Be7 10. fxe6 fxe6 11. O-O Nxb3 12. axb3 O-O
13. Be3 Bd7 14. Kh1 Qc7 15. Qd3 $6 Ng4 $1 $15 {Akopian,V-Ivanchuk,V/Erevan/
1989/}) (9. Qf3 b5 10. f5 Bd7 11. fxe6 fxe6 12. Be3 Qc8 13. a3 Be7 14. Ba2 O-O
$6 15. Nf5 Rf7 16. Nxe7+ Rxe7 17. e5 $16 {1-0 Macieja,B-Dao Thien Hai/Budapest
FS02 GM (11) ;EXP 51 1996 (35)}) 9... Ncxe4 (9... Be7 10. e5 $5 (10. Be3 Qc7
11. e5 dxe5 12. fxe5 Qxe5 13. Nf5 Ng4 14. Nd6+ Qxd6 15. Qxg4 O-O 16. Bh6 Qe5
17. Rae1 f5 $17 {0-1 Velimirovic,D-Peng Zhaoqin/Pozarevac (04) ;EXP 49 1995 
(36)}) 10... dxe5 11. fxe5 Nxb3 12. axb3 Bc5 13. Be3 Nd5 14. Bf2 $5 Nxc3 15.
bxc3 Qc7 $10 {Arakhamia,K-Ftacnik,L/Sydney Mercantile (7) 1991/0-1 (44)}) (9...
Be7) 10. Nxe4 Nxe4 11. f5 e5 12. Qh5 (12. Ne6 $6) 12... Qe7 $6 (12... d5 $3
$146 13. Re1 Bc5 (13... exd4 $4 14. Rxe4+ Be7 15. f6 $1 gxf6 16. Bxd5 Rf8 17.
Bh6 $18) 14. Rxe4 Bxd4+ (14... O-O $5 15. Rg4 (15. Rh4 Bxf5 $1 $19) 15... Bxd4+
16. Kh1 Kh8 $17) 15. Be3 (15. Rxd4 $5 Qb6 (15... exd4 $2 16. Bg5 Qa5 $8 (16...
Qd7 17. Re1+ Kf8 18. f6 $18) 17. Qe2+ Kd7 18. Qe7+ Kc6 19. Qxf7 $16) 16. c3
exd4 (16... O-O 17. Be3 exd4 18. Bxd4 $44) 17. Qe2+ Kf8 18. Qf2 Qf6 19. cxd4
Qxf5 $17) 15... O-O 16. Rxd4 exd4 17. Bxd4 f6 18. Bc5 $2 (18. Qf3 $1 $44) 18...
Re8 $15 {0-1 Topalov,V-Short,N/Amsterdam VSB (03)/1996/ (46) ;CBM 52}) 13. Qf3
Nc5 (13... exd4 14. Re1 $16) 14. Nc6 (14. f6 $2 gxf6 15. Nc6 Qc7 16. Qxf6 Nxb3
17. axb3 (17. Qxh8 Nxc1 $1) 17... Rg8 18. Nd8 Bh3 $19) (14. Ne2 $5 {/\
Ne2-c3-d5}) 14... Qc7 15. Bd5 (15. Nb4 $6 Nxb3 16. Qxb3 b5 $1 17. Nd5 Qc6 18.
f6 Bb7 $1 $17) 15... a5 $6 (15... Bd7 16. Nb4 Be7 $1 (16... Qb6 $2 17. Bxf7+ $3
Kxf7 18. Nd5 Qc6 19. Qh5+ Kg8 20. f6 $18) 17. Bc4 (17. Bxf7+ $2 Kxf7 18. Nd5 (
18. Qh5+ Kg8 19. f6 Bxf6 20. Rxf6 gxf6 21. Nd5 Qd8 $19) 18... Qd8 19. Qh5+ Kg8
$19) 17... Bc6 18. Nd5 Bxd5 19. Bxd5 $44) 16. Bg5 $1 (16. Be3 Ra6 17. Nd4 exd4
18. Bxd4 $13 {Spanish TV-Kasparov 1990}) 16... Ra6 $2 (16... Bd7 17. Ne7 $3 {
Topalov} (17. Nd4 $2 {Topalov} f6 18. Qh5+ Kd8 19. Ne6+ Nxe6 $1 20. fxe6 Qc5+
$19) (17. f6 $6 {Topalov} g6 18. Ne7 Ne6 $1 $13) 17... f6 (17... Bxe7 $2 18.
Bxe7 Qb6 (18... Kxe7 19. f6+ Kd8 20. fxg7 Re8 21. Bxf7 $18) 19. f6 g6 20. Kh1
$16) 18. Qh5+ Kxe7 (18... Kd8 19. Ng6 Be8 20. Be3 $16) 19. Bxf6+ $1 gxf6 (19...
Kxf6 20. Qh4+ g5 21. fxg6+ Kg7 22. Rf7+ $18) 20. Qf7+ Kd8 21. Qxf6+ Kc8 22.
Qxh8 Qd8 23. f6 $16 (23. f6 Bh6 24. Qxh7 Be3+ 25. Kh1 $16)) 17. Nd8 $3 $18 f6
$8 18. Nf7 Rg8 19. Be3 g6 20. Ng5 $1 (20. Nxe5 $2 dxe5 21. Bxg8 Bxf5 $132)
20... Rg7 (20... fxg5 21. f6 $1 Rh8 22. f7+ Kd8 23. Bxg5+ Be7 24. f8=R+ Rxf8
25. Qxf8+ Kd7 26. Qxe7#) 21. fxg6 Rxg6 $1 (21... hxg6 22. Qxf6 Qe7 23. Bf7+ (
23. Qf2 $18 {Topalov}) 23... Kd8 24. Bc4 Qxf6 25. Rxf6 Ke7 (25... Be7 26. Rf7
$18) 26. Raf1 Bf5 27. Rxf8 Kxf8 28. Bxa6 Nxa6 29. g4 $18) 22. Bf7+ Qxf7 23.
Nxf7 Kxf7 24. Bxc5 dxc5 25. Rad1 Be7 26. Rd5 Bg4 (26... Re6 27. Qe4 b6 28. Rxe5
Bb7 29. Rxe6 Bxe4 30. Rxe4 $18) 27. Qe4 (27. Qb3 {Topalov} Be6 28. Qxb7 Bxd5
29. Qxd5+ Re6 30. Qa8 $18) 27... Kg7 28. Rfd1 $2 (28. Rf2 {/\ Rfd2 + Rd7 ist
das bessere Feld eine Qualität zurück zu opfern.}) 28... Bxd1 29. Rxd1 Re6 $1
$16 30. Qf5 (30. Qxb7 $2 e4 31. Rd7 Kf7 $13 {[%cal Ge4e1]}) 30... Kf7 31. Re1
b6 (31... b5 $5 32. c4 bxc4 33. a4 $16) (31... b5 $1 $16 {Topalov /\ 32...c4;
33...a4}) (31... Rd6 $2 {Topalov} 32. Rxe5) 32. h4 $6 (32. c4 $142 $1 {War
jetzt oder in den nächsten beiden Zügen stärker.}) (32. a4 $142 $1) 32... Rg7 (
32... b5 $142 $1 {Topalov}) 33. Kf1 (33. a4 $142 $1 {Topalov}) 33... Bd6 (33...
b5 $1) (33... Bf8) 34. Kf2 Bc7 $2 {Hier steht der B passiv, noch immer war b5
stärker.} 35. Kf3 Ke7 36. Re4 Kf7 37. Rg4 $1 $18 Re7 38. Ke4 Rxg4+ 39. Qxg4 {
Hecht: D-TL: 1 schwarzer Mehrbauer, passive schwarze Figuren, Bauern auf
L-Farbe festgelegt, schwache weiße Felder, schlechte Koordination von T und L,
Technik} Bd8 40. a4 {Endlich wird der Q-Flügel festgelegt.} (40. Qf5 Kg7 41. h5
{/\ 42.h6+ +-}) 40... Kf8 41. c3 Rg7 42. Qc8 Ke8 43. Qe6+ Kf8 44. g4 Rf7 45. h5
Rg7 46. h6 $6 (46. b3 Rf7 {nachdem der R die g-Linie verlassen hat} 47. h6 $1
$18 (47. h6 {Topalov} Ra7 48. Qd5 $1 $18)) 46... Rg6 47. Qd5 Be7 48. Kf5 Rxh6
49. Qb7 e4 (49... Bd8 50. Ke6 (50. Qd7 Be7 51. Qc8+ Kf7 52. Qb7) 50... f5+ 51.
Kxf5 Rf6+ 52. Kxe5 h6 53. Qc8 Ke8 54. Qxd8+ Kxd8 55. Kxf6 $18) 50. Qb8+ Kf7 51.
Qxb6 e3 52. Qe6+ Ke8 53. Qxe3 {Nach dem Verlust des b-P hätte Schwarz getrost
aufgeben können.} Rg6 54. Qe4 Rg5+ 55. Kf4 Kd7 56. Qb7+ (56. Qxh7 {Topalov} c4
$1 {/\ 57...Rc5}) 56... Ke6 57. Qc8+ Kf7 58. Qc7 h5 59. gxh5 Rxh5 60. Qxa5 Bd6+
61. Ke4 (61. Kf3 {Topalov} Rh3+ 62. Ke4 $4 Ke6 {/\ 63...f5#}) 61... f5+ (61...
Re5+ {Topalov} 62. Kf3 Rf5+ 63. Ke3 Re5+ 64. Kd2 $18) 62. Kd5 Be7 63. Qc7 Rh6
64. a5 Rd6+ 65. Ke5 Rf6 66. Qc8 (66. Qc8 f4 67. a6 f3 68. a7 f2 69. a8=Q Bd6+
70. Kd5 f1=Q 71. Qg8+ Ke7 72. Qae8#) 1-0

[Event "Amsterdam Euwe Memorial"]
[Site "Amsterdam"]
[Date "1996.03.23"]
[Round "2"]
[White "Anand, Viswanathan"]
[Black "Topalov, Veselin"]
[Result "0-1"]
[WhiteElo "2725"]
[BlackElo "2700"]
[Annotator "Boensch,U"]
[PlyCount "102"]
[EventDate "1996.03.22"]
[EventType "tourn"]
[EventRounds "9"]
[EventCountry "NED"]
[EventCategory "18"]
[SourceTitle "CBM 052"]
[Source "ChessBase"]
[SourceDate "1996.06.01"]
[SourceVersion "1"]
[SourceVersionDate "1996.06.01"]
[SourceQuality "1"]

1. e4 {Topalov} c5 2. Nf3 d6 3. d4 cxd4 4. Nxd4 Nf6 5. Nc3 a6 6. Be2 e6 7. f4 (
7. Be3 Qc7 8. f4 b5 9. a3 Bb7 10. Bf3 Nbd7 11. Nb3 Rc8 12. Qe2 Be7 13. Qf2 O-O
14. O-O Rfe8 15. Rad1 Bf8 $10 {Gunnarsson,J-Tisdall,J/Reykjavik op (01) ;CBM
52_06 1996/0-1 (43)}) 7... Be7 8. Be3 Qc7 9. Bf3 (9. g4 d5 $5 10. exd5 (10. e5
Ne4 11. Nxe4 dxe4 12. h4 Nd7 13. c4 b6 14. Qc2 Bb7 15. O-O-O Nc5 16. Kb1 O-O-O
17. g5 Nd3 18. Rhf1 Bc5 19. Bxd3 Bxd4 20. Bxd4 Rxd4 {1/2-1/2 Bologan,V-Novikov,
I/St.Petersburg op (09) ;EXP 46 1995}) 10... Bb4 11. dxe6 Bxc3+ 12. bxc3 Qxc3+
13. Kf2 fxe6 14. Qd3 Qc7 15. Bf3 O-O $132 {1/2-1/2 Yemelin,V-Novikov,I/
Novgorod op (08) ;EXP 49 1995 (16)}) (9. O-O O-O 10. a4 b6 11. Bf3 Bb7 12. f5
$6 (12. g4 d5 13. e5 Ne4 $13) 12... e5 13. Nde2 Nbd7 $10 {Lutz,C-Gelfand,B/Cap
d'Agde (01) ;EXP 43 1994/0-1 (61)}) 9... Nc6 10. Qe2 Nxd4 $1 $146 (10... Bd7
11. O-O-O O-O 12. g4 Nxd4 13. Rxd4 Bc6 14. Rg1 b5 15. g5 Nd7 16. f5 $40 {
1-0 Navarro,R-Fougy,F/Novi Sad olm (04) MEX-HAI 1990 (30)}) (10... O-O 11.
O-O-O Nxd4 12. Rxd4 e5 13. fxe5 dxe5 14. Rc4 Qd8 15. Rd1 Bd7 16. Bc5 b5 17.
Bxe7 Qxe7 18. Rc7 Rfc8 19. Rxc8+ Rxc8 $10 {1/2-1/2 Gipslis,A-Arnason,J/Jurmala
1987 (39)}) 11. Bxd4 e5 12. Be3 b5 13. O-O-O (13. O-O Bb7 $10) (13. a3 Rb8 {
/\ 14...b4}) 13... O-O 14. g4 $6 (14. fxe5 dxe5 15. Nd5 Nxd5 16. exd5 Bd6 17.
g4 $132) (14. f5 b4 15. Nd5 Nxd5 16. Rxd5 a5 $10 (16... a5 {Topalov} 17. Kb1
Ba6 18. Qf2 Bc4 19. Rhd1 Bxd5 20. Rxd5 $44)) 14... b4 15. Nd5 Nxd5 16. exd5
exf4 17. Bxf4 a5 $15 18. Rhe1 $6 (18. g5 Bf5 (18... Re8 {Topalov /\ 19...Bf5}
19. Bg4 $1 $13) 19. Be4 Bxe4 20. Qxe4 Rfe8 $15) 18... Bh4 $1 19. Rg1 $6 (19.
Bg3 Bxg3 (19... Bg5+ 20. Kb1 Ba6 21. Qe4 $10) 20. hxg3 a4 $15) 19... a4 $1 20.
Qd2 (20. g5 b3 21. a3 bxc2 22. Rd4 (22. Qxc2 Qxc2+ 23. Kxc2 Bf5+ 24. Kd2 Rfb8
$19) 22... Ba6 23. Qd2 Rfe8 24. Be3 Qb6 $17) 20... Rb8 (20... b3 21. a3 $15)
21. Kb1 Re8 22. Rg2 Bd7 23. Re2 a3 24. Rxe8+ Bxe8 25. g5 $6 (25. b3 Bf6 $17 {
[%cal Rf6a1]}) 25... f6 {/\ Be8-g6} (25... axb2 {Topalov} 26. Qd4 f6 27. Bxd6
Qxd6 28. Qxh4 $13) 26. Be4 (26. Bg4 Bg6 27. Be6+ Kh8 28. b3 Bxg5 (28... fxg5
29. Be3 Rf8 30. Rc1 $15) 29. Bxg5 fxg5 30. Rf1 h6 $17) 26... axb2 27. Qd3 g6
28. Qa6 (28. Qh3 Ra8 (28... Qc4 $19 {Topalov}) 29. Qxh4 Qc4 30. Kxb2 Rxa2+ 31.
Kb1 b3 $1 $19) 28... Rb6 29. Qa8 Rb8 30. Qa6 Rd8 31. Rd4 f5 $19 {[%cal Gf5f1]}
32. Bd3 Qe7 33. Bd2 (33. Kxb2 Be1 $19) 33... Be1 $1 34. Be2 Bxd2 35. Rxd2 Qxg5
36. Rd1 Qe3 37. Bc4 f4 38. Bb3 f3 (38... g5 $142 {Topalov /\ 39...Bg6}) 39. Qd3
Qe2 40. Bc4 Qxd3 41. Rxd3 Rc8 42. Ba6 Rc3 43. Kxb2 Bd7 44. Rd4 (44. Rxc3 bxc3+
45. Kxc3 Bh3 46. Kd2 f2 $19) 44... Bf5 45. Rxb4 (45. Bd3 Bxd3 46. cxd3 Rc8 47.
Rf4 Rf8 $19) 45... Rxc2+ 46. Kb3 Rxh2 47. Rf4 f2 48. a4 Bh3 (48... Bc2+ {
Topalov} 49. Kc3 g5 50. Rg4) 49. a5 g5 50. Rf3 g4 (50... Kg7 {Topalov} 51. Bc4
g4 52. a6 gxf3 53. a7 $18) 51. Rf5 g3 (51... g3 52. Rg5+ Kh8 53. Rxg3 f1=Q 54.
Bxf1 Bxf1 $19) 0-1